Literally - Disney Movies - Statistics

General Stats
  • This quiz has been taken 79 times
  • The average score is 23 of 31
Answer Stats
Hint Answer % Correct
A prince finds an sleeping woman in the woods, kisses her unconscious carcass, and then kills a dragon lady Sleeping Beauty
95%
A poor woman with perfect feet attends a dance Cinderella
93%
A pachyderm escapes a circus and somehow learns to fly Dumbo
91%
Dogs run away from a lady that wants to wear their skin 101 Dalmatians
89%
An animal's parents get shot and it has to live in the woods by itself Bambi
89%
Woman pretends to be a man so that she can have more reason to die Mulan
89%
A weird man abducts several children and makes them fight pirates Peter Pan
89%
Fish lady forgets how to talk so that she can marry a random prince guy The Little Mermaid
89%
Two mangy dogs invade an Italian restaurant and it somehow becomes a romance Lady and the Tramp
87%
An inanimate piece of wood gains sentience and runs off with a talking insect Pinocchio
85%
Fox with a bow and arrow attempts to stage a revolution against a lion Robin Hood
85%
Strong guy pisses off the ruler of the Underworld in order to get lucky Hercules
84%
Little kid is stolen from his parents by animals, except for the tiger, who wants to kill him Jungle Book
84%
Baby animal runs away from home after the death of his father and learns how to eat bugs with feral creatures The Lion King
80%
Prisoner falls in love with a literal animal so she doesn't have to marry a mean guy Beauty and the Beast
78%
Disabled person is bullied by the Catholic church until a gypsy woman saves him Hunchback of Notre Dame
78%
Young girl, despite her family's pleading, adopts a strange alien and then gets hunted by the government Lilo & Stitch
78%
Woman runs away to marry a literal amphibian while a weird voodoo guy decides to care for some reason Princess & The Frog
78%
A young woman gets lost in the woods and hides with little people to avoid a monarch with a piece of fruit Snow White and the Seven Dwarves
78%
Criminal steals a girl away from her grandmother and then makes her get a haircut Tangled
78%
Poor guy stalks a princess and then asks a magical being for the right to be with her Aladdin
76%
A woman literally befriends water and then has adventures with The Rock Moana
75%
Two animals try to solve animal racism as they work as police officers Zootopia
75%
A young woman is pulled into a fantasy world where she immediately stages a coup Alice in Wonderland
67%
Lady is the only one in her family that isn't special, gets angry, and destroys the family home Encanto
64%
King gets turned into an animal to teach him that greed is bad The Emperor's New Groove
60%
An orphan gains magical powers and her jealous sister marries an evil dude and then runs away Frozen
55%
Genius kid is attacked by an old guy and has to recruit college kids to help him and his balloon man friend Big Hero 6
47%
Sad villain decides to become a hero after trespassing and then getting a little too close with a very young girl Wreck-It Ralph
31%
Man meets his children, but he's a child too, all while a sad baseball player chases him around Meet the Robinsons
29%
Woman steals precious artifacts from lots of people because her father dies Raya and the Last Dragon
29%
No matching quizzes found
Score Distribution
Percent of People with Each Score
Percentile by Number Answered
Your Score History
You have not taken this quiz